000 00362nam a2200169Ia 4500
100 _aVogeleer/David
650 _aFlash
942 _cBK
366 _f17.5
654 _aflash
245 _aMACROMEDIA FLASH PROFESSIONAL 8
260 _bPearson Education
_aMumbai
_c2006
082 _a005.133/VOG
_bVOG
300 _a840
546 _aENGLISH
999 _c33739
_d33739